• 首页
  • 本馆介绍
  • 公告通知
  • 最新文献
  • 馆藏检索
  • 电子资源
  • 读者导购
  • 参考咨询
  • 我的图书馆
  • 登录
  • 详细信息显示
  • 放入我的书架
  • 预约/预借图书
  • 作者相关作品
  • 分类相关作品
  • 丛书相关作品
  • 出版社相关作品

书目信息

  • 表格格式
  • 工作单格式
  • 卡片格式
题名:
中国古代歌曲选·戏曲、曲艺唱腔选
    
 
作者: 李寿增 , 钱国祯 , 管谨义 主编
分册: 下  
出版信息: 北京   人民音乐出版社  2007.03
页数: 72页
开本: 26cm
丛书名: 声乐艺术教育丛书
单 册:
中图分类: J642.7 , J642.41
科图分类:
主题词: 歌曲--中国--古代--选集 , 戏曲--唱腔--中国--选集 , 曲艺--唱腔--中国--选集 , 歌曲 , 戏曲 , 唱腔 , 曲艺
电子资源:
ISBN: 978-7-103-03016-5
000 01274ocm2 2200361 450
001 003502395
005 20140609144746.89
010    @a978-7-103-03016-5@dCNY18.40,CNY55.00(全3册)
100    @a20070327d2007 em y0chiy0110 ea
101 0  @achi
102    @aCN@b110000
105    @ag z 000yy
106    @ar
200 1  @a中国古代歌曲选·戏曲、曲艺唱腔选@9zhong guo gu dai ge qu xuan · xi qu 、 qu yi chang qiang xuan@h下@f李寿增,钱国祯,管谨义主编
210    @a北京@c人民音乐出版社@d2007.03
215    @a72页@d26cm
225 2  @a声乐艺术教育丛书@i声乐教学曲库@i中国作品@v3
330    @a本书分上、中、下三册,收录中国古代歌曲、戏曲、曲艺作品若干。其中在上册——古代歌曲部分编配了钢琴伴奏,中册——戏曲、下册——曲艺部分也选取了部分易于演唱的小段子配以钢琴伴奏。
462  0 @12001 @a声乐教学曲库@i中国作品@v3
606 0  @a歌曲@y中国@z古代@j选集
606 0  @a戏曲@x唱腔@y中国@j选集
606 0  @a曲艺@x唱腔@y中国@j选集
606 0  @a歌曲
606 0  @a戏曲
606 0  @a唱腔
606 0  @a曲艺
690    @aJ642.7@v4
690    @aJ642.41@v4
701  0 @a李寿增@9li shou zeng@4主编
701  0 @a钱国祯@9qian guo zhen@4主编
701  0 @a管谨义@9guan jin yi@f(1939~)@4主编
801  0 @aCN@bNLC@c20070820
905    @b548170-72@dJ642.7@e238:3@f3
    
    中国古代歌曲选·戏曲、曲艺唱腔选.下/李寿增,钱国祯,管谨义主编.-北京:人民音乐出版社,2007.03
    72页;26cm.-(声乐艺术教育丛书.声乐教学曲库.中国作品;3)
    
    
    ISBN 978-7-103-03016-5:CNY18.40,CNY55.00(全3册)
    本书分上、中、下三册,收录中国古代歌曲、戏曲、曲艺作品若干。其中在上册——古代歌曲部分编配了钢琴伴奏,中册——戏曲、下册——曲艺部分也选取了部分易于演唱的小段子配以钢琴伴奏。
●
相关链接 在E读中查询图书 在五车中查询图书 在当当中查询图书 在豆瓣中查询图书


正题名:中国古代歌曲选·戏曲、曲艺唱腔选     索取号:J642.7/238:3         预约/预借

序号 登录号 条形码 馆藏地/架位号 状态 备注
1 548170   205481708   第一样本阅览室/ [索取号:J642.7/238:3] 在馆    
2 548171   205481717   密集书库-音乐系/ [索取号:J642.7/238:3] 在馆    
3 548172   205481726   第一借阅区/ [索取号:J642.7/238:3] 在馆    
唐山师范学院图书馆 欢迎您!
大连网信软件有限公司© 版权所有